Trendy v ERP systémoch

Definícia a identifikácia systémov plánovania podnikových zdrojov. Aktuálne trendy ovplyvňujúce vývoj a funkcionalitu ERP systémov - Mobile ERP, akcelerácia Cloudu, sofistikované ponuky SaaS, integrácia AI a iných inteligentných technológií, jednoduché používanie, funkcionalita a customizácia, ERP z...

Description complète

Enregistré dans:
Détails bibliographiques
Auteur principal: Zahradník, Peter, 1995-
Autres auteurs: Kokles, Mojmír
Format: Chapitre de livre
Langue:slovaque
Sujets:
Tags: Ajouter un tag
Pas de tags, Soyez le premier à ajouter un tag!

MARC

LEADER 00000naa$a2200000$$$4500
001 0269503
005 20240521125323.8
041 0 |a slo 
044 |a SK 
245 1 0 |a Trendy v ERP systémoch 
520 |a Definícia a identifikácia systémov plánovania podnikových zdrojov. Aktuálne trendy ovplyvňujúce vývoj a funkcionalitu ERP systémov - Mobile ERP, akcelerácia Cloudu, sofistikované ponuky SaaS, integrácia AI a iných inteligentných technológií, jednoduché používanie, funkcionalita a customizácia, ERP zameraný na zákazníka a ERP riešenia pre malé a stredné podniky. Výhody ERP systémov. Klasifikácia ERP systémov. Kritéria pre výber ERP riešenia. 
610 2 0 |a riadenie 
610 2 0 |a zdroje podnikové 
610 2 0 |a plánovanie 
610 2 0 |a systém 
610 2 0 |a technológie informačné 
610 2 0 |a integrácia 
610 2 0 |a zákazníci 
610 2 0 |a podnik malý 
610 2 0 |a podnik stredný 
100 1 |a Zahradník, Peter, 1995- 
700 1 |a Kokles, Mojmír